<?xml version="1.0" encoding="UTF-8"?>
<collection xmlns="http://www.loc.gov/MARC21/slim">
 <record>
  <leader>02218nas a2200361 a 4500</leader>
  <controlfield tag="001">1/50462</controlfield>
  <controlfield tag="008">070622s19989999gr arzp       0   g0gre d</controlfield>
  <datafield tag="022" ind1=" " ind2=" ">
   <subfield code="a">1108-2704</subfield>
  </datafield>
  <datafield tag="035" ind1=" " ind2=" ">
   <subfield code="l">35255</subfield>
  </datafield>
  <datafield tag="040" ind1=" " ind2=" ">
   <subfield code="a">GR-PeUP</subfield>
  </datafield>
  <datafield tag="090" ind1=" " ind2=" ">
   <subfield code="a">Αλφαβητική σειρά</subfield>
  </datafield>
  <datafield tag="245" ind1="0" ind2="0">
   <subfield code="a">Τεκμήριον :</subfield>
   <subfield code="b">επιστημονική επετηρίδα του τμήματος Αρχειονομίας - Βιβλιοθηκονομίας.</subfield>
  </datafield>
  <datafield tag="260" ind1=" " ind2=" ">
   <subfield code="a">Κέρκυρα :</subfield>
   <subfield code="b">Ιόνιο Πανεπιστήμιο,</subfield>
   <subfield code="c">1998-</subfield>
  </datafield>
  <datafield tag="300" ind1=" " ind2=" ">
   <subfield code="a">τ. ;</subfield>
   <subfield code="b">24 εκ.</subfield>
  </datafield>
  <datafield tag="310" ind1=" " ind2=" ">
   <subfield code="a">Ετήσιο.</subfield>
  </datafield>
  <datafield tag="362" ind1="0" ind2=" ">
   <subfield code="a">Τχ. 2 (2000)-</subfield>
  </datafield>
  <datafield tag="546" ind1=" " ind2=" ">
   <subfield code="a">Κείμενο στην ελληνική, περιλήψεις στην αγγλική, γερμανική, γαλλική.</subfield>
  </datafield>
  <datafield tag="650" ind1=" " ind2="4">
   <subfield code="a">Βιβλιοθήκες</subfield>
   <subfield code="v">Περιοδικά.</subfield>
  </datafield>
  <datafield tag="852" ind1=" " ind2=" ">
   <subfield code="a">INST</subfield>
   <subfield code="b">UNIPILB</subfield>
   <subfield code="c">SERIALS</subfield>
   <subfield code="e">20070712</subfield>
   <subfield code="h">Αλφαβητική σειρά</subfield>
   <subfield code="p">56275</subfield>
   <subfield code="q">56275</subfield>
   <subfield code="t">NOLOAN</subfield>
   <subfield code="v">τεύχ.2:(Έτος)2000</subfield>
   <subfield code="y">23</subfield>
  </datafield>
  <datafield tag="852" ind1=" " ind2=" ">
   <subfield code="a">INST</subfield>
   <subfield code="b">UNIPILB</subfield>
   <subfield code="c">SERIALS</subfield>
   <subfield code="e">20070712</subfield>
   <subfield code="h">Αλφαβητική σειρά</subfield>
   <subfield code="p">56276</subfield>
   <subfield code="q">56276</subfield>
   <subfield code="t">NOLOAN</subfield>
   <subfield code="v">τεύχ.4:(Έτη)2002/2004</subfield>
   <subfield code="y">23</subfield>
  </datafield>
  <datafield tag="852" ind1=" " ind2=" ">
   <subfield code="a">INST</subfield>
   <subfield code="b">UNIPILB</subfield>
   <subfield code="c">SERIALS</subfield>
   <subfield code="e">20070712</subfield>
   <subfield code="h">Αλφαβητική σειρά</subfield>
   <subfield code="p">56277</subfield>
   <subfield code="q">56277</subfield>
   <subfield code="t">NOLOAN</subfield>
   <subfield code="v">τεύχ.6:(Έτος)2006</subfield>
   <subfield code="y">23</subfield>
  </datafield>
  <datafield tag="852" ind1=" " ind2=" ">
   <subfield code="a">INST</subfield>
   <subfield code="b">UNIPILB</subfield>
   <subfield code="c">SERIALS</subfield>
   <subfield code="e">20090317</subfield>
   <subfield code="h">Αλφαβητική σειρά</subfield>
   <subfield code="p">63579</subfield>
   <subfield code="q">63579</subfield>
   <subfield code="t">NOLOAN</subfield>
   <subfield code="v">τεύχ.3:(Έτος)2001</subfield>
   <subfield code="y">23</subfield>
  </datafield>
  <datafield tag="852" ind1=" " ind2=" ">
   <subfield code="a">INST</subfield>
   <subfield code="b">UNIPILB</subfield>
   <subfield code="c">SERIALS</subfield>
   <subfield code="e">20090317</subfield>
   <subfield code="h">Αλφαβητική σειρά</subfield>
   <subfield code="p">63580</subfield>
   <subfield code="q">63580</subfield>
   <subfield code="t">NOLOAN</subfield>
   <subfield code="v">τεύχ.5:(Έτος)2005</subfield>
   <subfield code="y">23</subfield>
  </datafield>
  <datafield tag="852" ind1=" " ind2=" ">
   <subfield code="a">INST</subfield>
   <subfield code="b">UNIPILB</subfield>
   <subfield code="c">SERIALS</subfield>
   <subfield code="e">20090317</subfield>
   <subfield code="h">Αλφαβητική σειρά</subfield>
   <subfield code="p">63581</subfield>
   <subfield code="q">63581</subfield>
   <subfield code="t">NOLOAN</subfield>
   <subfield code="v">τεύχ.7:(Έτος)2007</subfield>
   <subfield code="y">23</subfield>
  </datafield>
  <datafield tag="852" ind1=" " ind2=" ">
   <subfield code="a">INST</subfield>
   <subfield code="b">UNIPILB</subfield>
   <subfield code="c">SERIALS</subfield>
   <subfield code="e">20130628</subfield>
   <subfield code="h">Αλφαβητική σειρά</subfield>
   <subfield code="p">80208</subfield>
   <subfield code="q">80208</subfield>
   <subfield code="t">NOLOAN</subfield>
   <subfield code="v">τεύχ.10:(Έτη)2011-12</subfield>
   <subfield code="y">23</subfield>
  </datafield>
  <datafield tag="900" ind1=" " ind2=" ">
   <subfield code="a">Τχ. 11 (2011)</subfield>
   <subfield code="b">Οφειλόμενο</subfield>
   <subfield code="c">13/06/2017</subfield>
  </datafield>
  <datafield tag="900" ind1=" " ind2=" ">
   <subfield code="a">Τχ. 8 (2008)</subfield>
   <subfield code="b">Οφειλόμενο</subfield>
   <subfield code="c">01/04/2008</subfield>
  </datafield>
  <datafield tag="900" ind1=" " ind2=" ">
   <subfield code="a">Τχ. 9 (2009)</subfield>
   <subfield code="b">Οφειλόμενο</subfield>
   <subfield code="c">01/04/2009</subfield>
  </datafield>
  <datafield tag="950" ind1=" " ind2=" ">
   <subfield code="a">01/01/2000</subfield>
   <subfield code="c">ΔΩΡΕΑ ΠΕΡΙΟΔΙΚΩΝ</subfield>
   <subfield code="d">756</subfield>
  </datafield>
  <datafield tag="951" ind1=" " ind2=" ">
   <subfield code="a">Τχ. 10  (2011-12)</subfield>
   <subfield code="b">Main run</subfield>
  </datafield>
  <datafield tag="951" ind1=" " ind2=" ">
   <subfield code="a">Τχ. 2 (2000) - Τχ. 3 (2001)</subfield>
   <subfield code="b">Main run</subfield>
  </datafield>
  <datafield tag="951" ind1=" " ind2=" ">
   <subfield code="a">Τχ. 4  (2002/2004)</subfield>
   <subfield code="b">Main run</subfield>
  </datafield>
  <datafield tag="951" ind1=" " ind2=" ">
   <subfield code="a">Τχ. 5 (2005) - Τχ. 7 (2007)</subfield>
   <subfield code="b">Main run</subfield>
  </datafield>
 </record>
</collection>
